| 000 | 01066nam a2200253Ia 4500 | ||
|---|---|---|---|
| 003 | OSt | ||
| 005 | 20210505150925.0 | ||
| 008 | 210310s1969 sp gr 000 0 spa d | ||
| 040 |
_aCO-JMCR _cCO-JMCR |
||
| 041 | 0 | _aspa | |
| 082 | 0 | 4 |
_a330.9045 / _bM358p _223 |
| 100 | 1 |
_aMarrama, Vittorio, _eautor _926087 |
|
| 245 | 1 | 0 |
_aPolítica económica de los países subdesarrollados / _cVittorio Marrama ; versión española de Justo Fernández Bujan |
| 250 | _aTercera edición | ||
| 260 |
_aMadrid, España : _bAguilar, _c1969. |
||
| 300 |
_a327 páginas ; _c22 cm. |
||
| 490 | 1 |
_aBiblioteca ciencias sociales : _aSección primera: Economía |
|
| 500 | _aIncluye notas a pie de página. | ||
| 505 | 0 | _aAlgunos conceptos preliminares. -- Factores de desarrollo económico. -- Aspectos de la política económica. -- Programación para el desarrollo económico. | |
| 650 | 1 | 4 |
_aDesarrollo económico _xPaíses atrasados _937438 |
| 650 | 2 | 4 |
_aCapitalización _xPaíses atrasados _937439 |
| 700 | 1 |
_aFernández Bujan, Justo, _etraductor _937440 |
|
| 942 |
_2ddc _cBK |
||
| 999 |
_c11651 _d11651 |
||